000 00304nam a22001337a 4500
008 170526b xxu||||| |||| 00| 0 eng d
020 _a0070287694
041 _aeng
080 _22ND
_a621.3
100 _a25
101 _aIM
245 _aMANUAL OF ACTIVE FILTER DESIGN
_cHILBURN,J.L
942 _2udc
_cBK
999 _c14366
_d14366